Statistics for ♫ "Turning Out Pt. iii" - Lyrics - AJR ♫

Click here to take the quiz!

General Stats

  • This quiz has been taken 29 times
  • The average score is 306 of 402

Answer Stats

Lyric% Correct
a
100%
(Ah-ah)
100%
(Ah-ah-ah-ah)
100%
I
100%
(I
100%
I?
100%
it,
100%
it)
100%
it;
100%
it
100%
the
100%
The
100%
Did
93%
didn't
93%
of
93%
on
93%
out?)
93%
out?
93%
out
93%
Tinder,
93%
to
93%
two
93%
years
93%
Am
87%
And
87%
and
87%
be
87%
do
87%
Got
87%
got
87%
It's
87%
me
87%
my
87%
So
87%
so
87%
this
87%
this?
87%
want
87%
we
87%
we?
87%
when
87%
bit
80%
get?
80%
(Get
80%
get
80%
guy
80%
half
80%
how
80%
How
80%
if
80%
(Is
80%
Is
80%
is
80%
Love
80%
love
80%
our
80%
quiet
80%
sex
80%
something
80%
something?
80%
system,
80%
time,
80%
time
80%
turn
80%
up
80%
wanted
80%
What
80%
what
80%
all
73%
best
73%
both
73%
But
73%
can't
73%
dog
73%
don't
73%
Don't
73%
(Eighty-five)
73%
eighty-five
73%
exactly
73%
fine,
73%
fucked
73%
happened
73%
have
73%
I'm
73%
Let's
73%
let's
73%
married)
73%
married
73%
missing
73%
must
73%
Oh,
73%
rest
73%
right
73%
scary
73%
tangled,
73%
that's
73%
thing
73%
too
73%
Well,
73%
we're
73%
were
73%
wish
73%
wouldn't
73%
you
73%
you?
73%
You
73%
Boy,
67%
'Cause
67%
could
67%
(Crazy
67%
crazy
67%
God,
67%
house
67%
It'll
67%
kid
67%
kids
67%
laugh
67%
life
67%
Life
67%
mine
67%
more
67%
One
67%
one
67%
parents
67%
quick,
67%
sound
67%
Suddenly
67%
they
67%
think
67%
used
67%
yours,
67%
alone
60%
aren't
60%
at
60%
attention
60%
from
60%
had
60%
know,
60%
know)
60%
long,
60%
Man,
60%
messy,
60%
not
60%
now,
60%
now
60%
pretty
60%
spiraling
60%
Though
60%
wanting
60%
you're
60%
always
53%
dog's
53%
doubt
53%
doubts
53%
happy
53%
home
53%
late
53%
little
53%
mind)
53%
mind
53%
much
53%
need
53%
riddled
53%
shrug
53%
with
53%
Add
47%
as
47%
big,
47%
day
47%
days
47%
(Everyone's
47%
everyone's
47%
Everyone's
47%
figured
47%
Hey,
47%
into
47%
isn't
47%
like
47%
nothing
47%
off
47%
overthink
47%
someone
47%
today
47%
you'll
47%
fucked-up
40%
science
33%
fuckin'
27%

Score Distribution

Percentile by Number Answered

Percent of People with Each Score

Your Score History

You have not taken this quiz